History of Modern India : (Record no. 4993)

MARC details
000 -LEADER
fixed length control field 00500cam a2200193ua 4500
001 - CONTROL NUMBER
control field 5844
005 - DATE AND TIME OF LATEST TRANSACTION
control field 20260515113937.0
008 - FIXED-LENGTH DATA ELEMENTS--GENERAL INFORMATION
fixed length control field 131024n ii |||gr||||Z||||||eng
040 ## - CATALOGING SOURCE
Transcribing agency MAIN
082 ## - DEWEY DECIMAL CLASSIFICATION NUMBER
Classification number 954
245 11 - TITLE STATEMENT
Title History of Modern India :
Remainder of title Volume I /
Statement of responsibility, etc. By V.D. Mahajan .
250 ## - EDITION STATEMENT
Edition statement 1st ed.
260 ## - PUBLICATION, DISTRIBUTION, ETC.
Place of publication, distribution, etc. New Delhi:
Name of publisher, distributor, etc. S. Chand & Company Ltd.,
Date of publication, distribution, etc. 1983.
300 ## - PHYSICAL DESCRIPTION
Extent viii,647p.
653 ## - INDEX TERM--UNCONTROLLED
Uncontrolled term History
653 ## - INDEX TERM--UNCONTROLLED
Uncontrolled term History of Modern India
700 1# - ADDED ENTRY--PERSONAL NAME
Personal name Mahajan,V.D.,
Relator term Author.
942 ## - ADDED ENTRY ELEMENTS (KOHA)
Koha item type Books
Holdings
Withdrawn status Lost status Damaged status Not for loan Home library Current library Shelving location Date acquired Total checkouts Full call number Barcode Date last seen Copy number Price effective from Koha item type
        Naharkatiya College Library Naharkatiya College Library General stacks 09/19/2020   954 | MAH 4198 09/19/2020 1 09/19/2020 Books